Villes françaises et régions (lettre A) - Statistiques

Statistiques générales
  • Ce quiz a été pris 34 fois
  • Le résultat moyen est 18 sur 25
Statistiques - réponses
Hint Réponse % Correct
Argenteuil Île-de-France
92%
Aix-en-Provence Provence-Alpes-Côte-d'Azur
92%
Antibes Provence-Alpes-Côte-d'Azur
92%
Annecy Auvergne-Rhône-Alpes
88%
Ajaccio Corse
88%
Arras Hauts-de-France
88%
Aubervilliers Île-de-France
88%
Albi Occitanie
88%
Amiens Hauts-de-France
84%
Albertville Auvergne-Rhône-Alpes
80%
Auxerre Bourgogne-Franche-Comté
80%
Angoulême Nouvelle-Aquitaine
80%
Alençon
Normandie
76%
Anglet Nouvelle-Aquitaine
76%
Agde Occitanie
76%
Angers Pays de la Loire
76%
Arles Provence-Alpes-Côte-d'Azur
72%
Amboise Centre-Val-de-Loire
68%
Argentan Normandie
68%
Auray Bretagne
64%
Annonay Auvergne-Rhône-Alpes
60%
Agen Nouvelle-Aquitaine
56%
Amnéville Grand Est
52%
Amilly Centre-Val-de-Loire
32%
Arnage Pays de la Loire
20%
Aucun quiz correspondant
Distribution des résultats
% des personnes avec chaque résultat
Percentile par nombre de réponses
Votre historique - résultats
Vous n’avez pas pris ce quiz